000 01132nam a22003977a 4500
001 0024598
003 KOHA_MİRAKIL
005 20260207002444.0
007 ta
008 101112b2008 tu |||gr||||#||||0|tur |
020 _a9786053951285
_c14,39
040 _aTR-BiSEU
_btur
_cTR-BiSEU
_erda
041 0 _atur
044 _ctu
050 _aQH541
_b.C48 2008
245 0 _aÇevre kirliliği ve kontrolü/
_ceditör Özer Çınar.
250 _a 1. bs.
264 1 _aAnkara :
_bNobel Yayın Dağıtım
_c2008
300 _aXII, 201 sayfa: resimli
336 _ametin
_btxt
_2rdacontent
337 _aaracısız
_bn
_2rdamedia
338 _acilt
_bnc
_2rdacarrier
490 1 _aNobel yayın ;
_vno.
490 1 _a1331.
490 1 _aFen bilimleri ;
_v78
500 _aKaynakça var.
650 0 _aKirlilik.
_910689
650 0 _aHava kirliliği.
_940167
650 0 _aÇevre kirliliği.
_923872
650 0 _aToprak kirliliği.
_950098
650 0 _aKirlilik--Çevresel yönler.
_949890
830 1 _aNobel yayın ;
_vno.
_91510
830 1 _a1331.
_931113
830 1 _aFen bilimleri ;
_v78
_91847
942 _2lcc
_cBK
999 _c24549
_d24549